| 000 | 00618nam a2200265Ia 4500 | ||
|---|---|---|---|
| 005 | 20250425161816.0 | ||
| 008 | 250425s9999 xx 000 0 und d | ||
| 020 | _a9580452814 | ||
| 041 | _aspa | ||
| 043 | _asp | ||
| 082 | _a004.6 | ||
| 100 | _aSMITH, BUD | ||
| 245 | 0 | _aPAGINAS WEB PARA DUMMIES | |
| 250 | _a3A ED. | ||
| 260 | _aBARCELONA | ||
| 260 |
_aEspaña _bNORMA _c1998 |
||
| 300 | _a340 | ||
| 500 | _aTítulo Traducido: CREATING WEB FOR DUMMIES | ||
| 650 | _aCOMPUTACION | ||
| 650 | _aINTERNET | ||
| 700 |
_aANGELA GARCIA _etraductor |
||
| 710 | _aNORMA | ||
| 942 | _c01 | ||
| 010 | _a30566 | ||
| 999 |
_c216542 _d216542 |
||